000 00741nam a22002057a 4500
003 OSt
005 20260317060451.0
008 260317b |||||||| |||| 00| 0 eng d
020 _a978-0-545-556309
040 _aDWCL GS lib
_cOC
100 _aGERONIMO STILTON
245 _aFlight of the red bandit
_cGERONIMO STILTON
260 _aNew York
_bScholastic Inc
_c2012.
300 _avii, 107 pages
_bcolor illustrations;
_c20 cm.
520 _aIn Flight of the Red Bandit (Geronimo Stilton #56), Geronimo is sent on an adventurous quest to Arizona by his grandfather, Shortpaws, to find his old friend, the "Red Bandit".
546 _aEnglish
650 _2adventure and humour
650 _2bravery, friendship,
942 _2ddc
_cFIC.
_n0
999 _c9228
_d9228